Statistics for Shawn Mendes Handwritten Songs

Click here to take the quiz!

General Stats

  • This quiz has been taken 1,380 times
  • The average score is 10 of 15

Answer Stats

HintAnswer% Correct
2Stitches
90%
1Life of the Party
88%
3Never Be Alone
71%
6Something Big
71%
9Air
70%
8Aftertaste
69%
4Kid in Love
68%
7Strings
65%
5I Don't Even Know Your Name
60%
10Crazy
59%
14Imagination
59%
11A Little Too Much
57%
15The Weight
53%
12This is What it Takes
53%
13Bring it Back
45%

Score Distribution

Percentile by Number Answered

Percent of People with Each Score

Your Score History

You have not taken this quiz